| 000 | 00337nam a2200109Ia 4500 | ||
|---|---|---|---|
| 008 | 180323s9999 xx 000 0 und d | ||
| 100 | _aSantos Ocampo, Perla D. | ||
| 245 | _aCatalogue of institutions and agencies for children with special needs / | ||
| 250 | _a4th ed | ||
| 260 |
_aErmita City : _b1996 _cWyeth pub |
||
| 300 | _ai,298 pages | ||
| 999 |
_c356345 _d356345 |
||